00547nam a2200169 a 450000100060000000300090000600800410001502000150005604000280007108200160009910000650011524500750018026000400025530000110029565000370030665000340034320207CO-ViMGA141112s2004 ck r 000 u spa d a9589728928 aCO-ViMGAbspacCO-ViMGA04a633.2 L358p1 aLemus Alarcon, Lázaro Hugo; Lemus Osorio, Vladimir Eduardo10aPlantas de uso forrajero en el trópico calido y templado de Colombia aVillavicencio : bUnillanos, c2004 a360 p.14aALIMENTOS PARA ANIMALES - PASTOS14aPLANTAS FORRAJERAS TROPICALES